مكتبة جامعة عجلون الوطنية

فهرس بحث المكتبة

أسس التربية (Record no. 8529)

MARC details
000 -LEADER
fixed length control field 00818nam a2200205Ii 4500
003 - CONTROL NUMBER IDENTIFIER
control field JO-AjNU
008 - FIXED-LENGTH DATA ELEMENTS--GENERAL INFORMATION
fixed length control field 230605s9999||||xx |||||||||||||| ||und||
040 ## - CATALOGING SOURCE
Original cataloging agency JO-AjNU
Language of cataloging ara
Description conventions rda
Transcribing agency JO-AjNU
041 ## - LANGUAGE CODE
Language code of text/sound track or separate title ara
050 14 - LIBRARY OF CONGRESS CALL NUMBER
Classification number LB17.U86 1995
100 3# - MAIN ENTRY--PERSONAL NAME
Personal name هندي،صالح ذياب/عليان،هشام عامر م.مشارك/العموي،أحمد عبد الرحيم م.مشارك/حواشين،مفيد نجيب م.مشارك ,
Relator term author
9 (RLIN) 16608
245 00 - TITLE STATEMENT
Title أسس التربية
250 ## - EDITION STATEMENT
Edition statement ط3
264 31 - PRODUCTION, PUBLICATION, DISTRIBUTION, MANUFACTURE, AND COPYRIGHT NOTICE
Place of production, publication, distribution, manufacture عمان:دار الفكر للطباعة والنشر والتوزيع،1995
300 ## - PHYSICAL DESCRIPTION
Extent 180ص
336 ## - CONTENT TYPE
Content type term text
Content type code txt
Source rdacontent
337 ## - MEDIA TYPE
Media type term unmediated
Media type code n
Source rdamedia
338 ## - CARRIER TYPE
Carrier type term volume
Carrier type code nc
Source rdacarrier
650 #4 - SUBJECT ADDED ENTRY--TOPICAL TERM
Topical term or geographic name entry element علم نفس تربوي. التربية و التعليم-فلسفة
9 (RLIN) 16609
Holdings
Withdrawn status Lost status Source of classification or shelving scheme Damaged status Not for loan Home library Current library Shelving location Date acquired Total Checkouts Full call number Barcode Date last seen Price effective from Koha item type
    Library of Congress Classification     مكتبة جامعة عجلون الوطنية مكتبة جامعة عجلون الوطنية المجموعات العامة 06/06/2023   LB17.U86 1995 A4961 06/06/2023 06/06/2023 Books